LEADER 00998cam2-22003131i-450- 001 990006503680403321 005 20061009102750.0 035 $a000650368 035 $aFED01000650368 035 $a(Aleph)000650368FED01 035 $a000650368 100 $a20010426d1983----km-y0itay50------ba 101 0 $aita 102 $aIT 105 $ay-------001yy 200 1 $a<>regime fascista italiano$fFrancesco Luigi Ferrari$gcon una presentazione di Gabriele De Rosa$ga cura di Giuseppe Ignesti 210 $aRoma$cEdizioni di storia e letteratura$d1983 215 $aCXXVII, 398 p.$d26 cm 461 0$1001000672674$12001$aOpere di Francesco Luigi Ferrari$v1 676 $a335.6 700 1$aFerrari,$bFrancesco Luigi$f<1889-1933>$0397292 702 1$aIgnesti,$bGiuseppe 801 0$aIT$bUNINA$gRICA$2UNIMARC 901 $aBK 912 $a990006503680403321 952 $aCOLLEZ. 961 (1)$b26259$fFSPBC 959 $aFSPBC 996 $aRegime fascista italiano$9654680 997 $aUNINA LEADER 02573nam 2200409 n 450 001 996392134903316 005 20221108074912.0 035 $a(CKB)4940000000104031 035 $a(EEBO)2240896252 035 $a(UnM)99849378 035 $a(EXLCZ)994940000000104031 100 $a19920131d1595 uy | 101 0 $aeng 135 $aurbn||||a|bb| 200 12$aA conference about the next succession to the crowne of Ingland$b[electronic resource] $ediuided into tvvo partes. VVhere-of the first conteyneth the discourse of a ciuill lavvyer, hovv and in vvhat manner propinquity of blood is to be preferred. And the second the speech of a temporall lavvyer, about the particuler titles of all such as do or may pretende vvithin Ingland or vvithout, to the next succession. VVhere vnto is also added a new & perfect arbor or genealogie of the discents of all the kinges and princes of Ingland, from the conquest vnto this day, whereby each mans pretence is made more plaine. Directed to the right honorable the earle of Essex of her Maiesties priuy councell, & of the noble order of the Garter. Published by R. Doleman 210 $aImprinted at N. [i.e. Antwerp $cBy A. Conincx] with licence$dM.D.XCIIII. [1594, i.e. 1595] 215 $a[18], 220, [4], 267, [3] p., folded table 300 $aR. Doleman = William Allen, Sir Francis Englefield, and others. "Robert Persons [Parsons], who is often credited with sole authorship of the work, probably played only a small part in its composition or revision"--Halkett & Laing (3rd ed.). 300 $aActual imprint from STC. 300 $aRunning title reads: A conference touching succession to the crowne. 300 $a"Of the diuers bookes and treatises that have bin vvritten heretofore about the titles of such as pretend to the crowne of Ingland" (caption title) begins new pagination; register is continuous. 300 $aThe last leaf is blank. 300 $aReproduction of the original in the Henry E. Huntington Library and Art Gallery. 330 $aeebo-0113 606 $aKings and rulers$xSuccession$vEarly works to 1800 607 $aGreat Britain$xKings and rulers$xSuccession$vEarly works to 1800 615 0$aKings and rulers$xSuccession 701 $aAllen$b William$f1532-1594.$01000878 702 $aParsons$b Robert$f1546-1610, 801 0$bCu-RivES 801 1$bCu-RivES 801 2$bCStRLIN 801 2$bWaOLN 906 $aBOOK 912 $a996392134903316 996 $aA conference about the next succession to the crowne of Ingland$92324295 997 $aUNISA